Chcete získať viac z vášho firemného webu? Venujte pozornosť problematike SEO

Súbor nástrojov na optimalizáciu webových stránok a možnosti vyhľadania rôznymi vyhľadávačmi, teda Search Engine Optimization (SEO). Súčasť internetového marketingu a optimalizácia vyhľadávača On Page-Off Page. Registrácia a poskytovanie užitočného obsahu na stránkach.

Na minha lista:
Detalhes bibliográficos
Autor principal: Bleyová, Dagmar
Formato: Capítulo de Livro
Idioma:eslovaco
Assuntos:
Tags: Adicionar Tag
Sem tags, seja o primeiro a adicionar uma tag!

MARC

LEADER 00000naa$a2200000$$$4500
001 0106454
005 20230912094204.9
041 0 |a slo 
044 |a SK 
245 1 0 |a Chcete získať viac z vášho firemného webu? Venujte pozornosť problematike SEO  |c Dagmar Bleyová 
520 |a Súbor nástrojov na optimalizáciu webových stránok a možnosti vyhľadania rôznymi vyhľadávačmi, teda Search Engine Optimization (SEO). Súčasť internetového marketingu a optimalizácia vyhľadávača On Page-Off Page. Registrácia a poskytovanie užitočného obsahu na stránkach. 
610 2 0 |a firmy 
610 2 0 |a komunikácia elektronická 
610 2 0 |a internet 
610 2 0 |a marketing 
610 2 0 |a systémy počítačové 
100 1 |a Bleyová, Dagmar